Litigation News

Bibliographic Details
Main Author: Anderson, Kelso L.
Other Authors: Hasday, Lisa R., Elms, Daniel P.
Format: eBook
Language:English
Published: Chicago: American Bar Association, 2015 -
Subjects:
Online Access:Acceso restringido

MARC

LEADER 00000nam a22000007a 4500
005 20201030121926.0
007 cr|||| ||||
008 201030c20159999us tr|| s|||| 0|||b1eng d
022 |a 978-1-63425-149-5 
035 |a 23975 
040 |a vLex 
090 |c 10825  |d 10825 
100 1 |a Anderson, Kelso L. 
245 1 0 |a Litigation News  |h [Recurso electrn̤ico] /  |c Kelso L. Anderson, Lisa R. Hasday, Daniel P. Elms 
256 |a Servicio en ln̕ea 
260 |a Chicago:  |b American Bar Association,  |c 2015 - 
300 |a 1 recurso electrn̤ico 
310 |a Cuatrimestral 
506 1 |a Disponible solo en los productos indicados  |d vLex Global  |d vLex Global (Academic Edition, excluding Law Schools)  |d vLex Global (Academic Edition, Law Schools) 
650 0 4 |a Derecho Constitucional  |z Estados Unidos 
700 1 |a Hasday, Lisa R. 
700 1 |a Elms, Daniel P. 
740 0 |a vLex Revistas (Servicio en ln̕ea) 
856 4 0 |u http://vlex.com/source/litigation-news-23975  |z Acceso restringido 
942 |c REV 
999 0 |a Constitutional right